Agenda Paolina 2003 (Record n. 37900)

Dettagli MARC
000 -LEADER
fixed length control field 00523nam a22001697a 4500
003 - CONTROL NUMBER IDENTIFIER
control field IT-RoPau
005 - DATE AND TIME OF LATEST TRANSACTION
control field 20220918175939.0
008 - FIXED-LENGTH DATA ELEMENTS--GENERAL INFORMATION
fixed length control field 130130b xxu||||| |||| 00| 0 eng d
040 ## - CATALOGING SOURCE
Transcribing agency IT-RoPau
100 ## - MAIN ENTRY--PERSONAL NAME
Personal name Famiglia Paolina
9 (RLIN) 98
245 ## - TITLE STATEMENT
Title Agenda Paolina 2003
Remainder of title con riflessioni quotidiane dagli scritti del Venerabile Don Giacomo Alberione
250 ## - EDITION STATEMENT
Edition statement 1° ed.
260 ## - PUBLICATION, DISTRIBUTION, ETC. (IMPRINT)
Place of publication, distribution, etc. Roma
Name of publisher, distributor, etc. Segreteria Generale della Società San Paolo
Date of publication, distribution, etc. 2002
300 ## - PHYSICAL DESCRIPTION
Extent pagine non numerate
Dimensions 15 cm
490 ## - SERIES STATEMENT
Series statement Ed. SSP
942 ## - ADDED ENTRY ELEMENTS (KOHA)
Source of classification or shelving scheme Dewey Decimal Classification
Koha item type LIBRO
Dati di copia
Withdrawn status Lost status Source of classification or shelving scheme Damaged status Not for loan Home library Current library Date acquired Total Checkouts Full call number Date last seen Price effective from Koha item type
    Dewey Decimal Classification Buone Condizioni Not For Loan PAULUS-BIBLIOTECA PAULUS-BIBLIOTECA 30/01/2013   P C1 30/01/2013 30/01/2013 LIBRO
    Dewey Decimal Classification Buone Condizioni Not For Loan PAULUS-BIBLIOTECA PAULUS-BIBLIOTECA 30/01/2013   P C1 30/01/2013 30/01/2013 LIBRO
    Dewey Decimal Classification Buone Condizioni Not For Loan PAULUS-BIBLIOTECA PAULUS-BIBLIOTECA 30/01/2013   P C1 30/01/2013 30/01/2013 LIBRO
CREDITS: SOCIETA' SAN PAOLO Via A.Severo, 58 - ROMA (RM) & PERIODICI SAN PAOLO SRL Via Giotto, 36 MILANO & CISF Via Giotto, 36 MILANO & EDIZIONI SAN PAOLO SRL,  Piazza Soncino, 5 CINISELLO BALSAMO (MI) -- ITALY